|
|
|
|
| LEADER |
00000nab a2200000 a 4500 |
| 001 |
vtls009006463 |
| 003 |
SK-MaSNL |
| 005 |
20260304235721.0 |
| 008 |
250507c2007 xo |||||||||||000 b|slo |
| 015 |
|
|
|a SNBRB2007/07
|2 snkbucl
|
| 035 |
|
|
|a (uuid)95529e2f-6da0-47f8-909c-f12c66267572
|
| 035 |
|
|
|a urn:nbn:sk:snk-ab10n8
|
| 035 |
|
|
|a (urnnbn)urn:nbn:sk:snk:ar-a04kvt
|
| 038 |
|
|
|a SNKBUCL
|
| 040 |
|
|
|a SNKBUCL
|b slo
|c SNKBUCL
|e AACR2
|
| 041 |
0 |
|
|a slo
|
| 044 |
|
|
|a xo
|c SK
|
| 080 |
|
|
|a 632.4:633.85
|2 1997
|
| 080 |
|
|
|a 633.85
|2 1997
|
| 100 |
1 |
|
|a Bokor, Peter,
|d 1969-
|4 aut
|9 189660
|
| 245 |
1 |
0 |
|a Popolavá hniloba slnečnice
|c Peter Bokor
|
| 300 |
|
|
|b Fotogr., obr.
|
| 650 |
0 |
7 |
|a slnečnice
|2 snkbucl
|9 27506
|
| 650 |
0 |
7 |
|a hubové choroby rastlín
|2 snkbucl
|9 57801
|
| 650 |
0 |
7 |
|a popolavá hniloba slnečnice
|2 snkbucl
|9 103732
|
| 650 |
0 |
7 |
|a Macrophomina phaseolina
|2 snkbucl
|9 103733
|
| 773 |
0 |
|
|t Naše pole
|g Roč. XI, č. 6 (2007), s. 54-56
|x 1335-2466
|
| 850 |
|
|
|a Slovenská národná knižnica
|
| 852 |
|
|
|a Slovenská národná knižnica
|
| 954 |
|
|
|a odborná, vedecká literatúra pôvodná (slovenská)
|2 lita
|
| 958 |
|
|
|a article27
|
| 958 |
|
|
|a OND
|
| 958 |
|
|
|a EUIPO
|
| 999 |
|
|
|c 3210146
|d 3212076
|